000 00633nam a2200229Ia 4500
003 OSt
005 20221007071648.0
006 a|||||r|||| 00| 0
007 ta
008 221006b |||||||| |||| 00| 0 eng d
024 _a30,088
037 _cReports / Technical Reports
040 _aFLL
_cFLL
_beng
041 _2eng
_aeng
082 _aZb, L9
100 _aZemans Frederick H.
_9689163
245 0 _aPerspectives on legal aid
260 _aLondon
_bFrances Pinter Ltd. UK
_c!979
300 _a362p
_ccm.
942 _hZb, L9
_cREP
_2CC
999 _c1143910
_d1143910